000 01008nam0a22002411 4500
001 rc\1018382
005 20041129102501.8
035 _a(NLR Aleph) 006183315
090 _a6088762
_c6088762
100 _a20041129d1981 u |0rusy50 ca
101 0 _arus
102 _aRU
105 _ay |||||||||
200 1 _aМетодические указания по анализу и оценке использования материалов в геологоразведочных организациях
_fВНИИ экономики минер. сырья и геол.-развед. работ
_g[Сост. Ю.И. Плотов и др.]
210 _aМ.
_cВИЭМС
_d1981
215 _a33 с.
_d20
702 1 _aПлотов
_bЮ. И.
_4220
712 0 2 _aВНИИ экономики минерального сырья и геологоразведочных работ
_3RU\NLR\AUTH\888989
801 0 _aRU
_bNLR
_gpsbo
801 1 _aRU
_bELAR
_2rusmarc
852 _aNLR
_j82-4/10311
942 _cBOOK
980 _aNB